| 000 | 00617cam a2200181 a 4500 | ||
|---|---|---|---|
| 020 | _a0767411714 (acidfree paper) | ||
| 040 | _cDLC | ||
| 082 | 0 | 0 | _a599 MAY 2000 A033 Or. |
| 100 | 1 | _aRelethford, John. | |
| 245 | 1 | 4 |
_aThe human species : _ban introduction to biological anthropology / |
| 250 | _a4th ed. | ||
| 260 |
_aMountain View, Calif. : _bMayfield, _cc2000. |
||
| 300 |
_axvii, 499 p. : _bill. (some col.), maps _c24 cm. |
||
| 650 | 0 | _aPhysical anthropology. | |
| 856 | 4 | 2 | _uhttp://www.loc.gov/catdir/description/mh024/99022904.html |
| 856 | 4 | 1 | _uhttp://www.loc.gov/catdir/toc/mh023/99022904.html |
| 942 | _cEK | ||
| 999 |
_c12301 _d12301 |
||